[Event "Xativa Murta op 5th"]
[Site "Xativa"]
[Date "2019.07.17"]
[Round "4"]
[White "Fernandez Sanchez, Vicente"]
[Black "Soriano Pallas, Rafael"]
[Result "0-1"]
[WhiteElo "1703"]
[BlackElo "1839"]
[PlyCount "76"]
[EventDate "2019.07.15"]
[EventType "swiss"]
[EventRounds "9"]
[EventCountry "ESP"]
[SourceTitle "EXT 2020"]
[Source "ChessBase"]
[SourceDate "2019.10.17"]
[SourceVersion "1"]
[SourceVersionDate "2019.10.17"]
[SourceQuality "1"]

1. d4 Nf6 2. c4 g6 3. g3 Bg7 4. Bg2 d5 5. Nf3 0-0 6. cxd5 Nxd5 7. e4 Nb6 8. 0-0 Bg4 9. e5 c6 10. Nbd2 Na6 11. h3 Be6 12. Ne4 h6 13. b3 Qd7 14. Nc5 Nxc5 15. dxc5 Rad8 16. Bb2 Nd5 17. Kh2 Qc7 18. Qe2 Rd7 19. Nd4 Qxe5 20. Qxe5 Bxe5 21. Nxe6 Bxb2 22. Nxf8 Kxf8 23. Rad1 Ba3 24. Bxd5 cxd5 25. Kg2 Bxc5 26. Rd2 e5 27. Rc1 b6 28. Rcd1 d4 29. Re2 Re7 30. f4 e4 31. b4 d3 32. bxc5 dxe2 33. Re1 bxc5 34. f5 gxf5 35. Kf2 Rd7 36. Rxe2 Rd3 37. Rc2 Rd5 38. Ke3 Ke7 0-1

[Event "Xativa Murta op 5th"]
[Site "Xativa"]
[Date "2019.07.16"]
[Round "3"]
[White "Soriano Pallas, Rafael"]
[Black "Perucho Ortega, Jordan"]
[Result "1-0"]
[WhiteElo "1839"]
[BlackElo "1367"]
[PlyCount "63"]
[EventDate "2019.07.15"]
[EventType "swiss"]
[EventRounds "9"]
[EventCountry "ESP"]
[SourceTitle "EXT 2020"]
[Source "ChessBase"]
[SourceDate "2019.10.17"]
[SourceVersion "1"]
[SourceVersionDate "2019.10.17"]
[SourceQuality "1"]

1. e4 g6 2. d4 Bg7 3. Nc3 e6 4. Nf3 Ne7 5. Be3 0-0 6. Qd2 d5 7. Bg5 Qd6 8. e5 Qd7 9. 0-0-0 b6 10. h4 h5 11. Bd3 c5 12. Bb5 Qc7 13. Be2 cxd4 14. Nb5 Qd7 15. Nbxd4 Ba6 16. Rhe1 Bxe2 17. Rxe2 f6 18. exf6 Bxf6 19. Nxe6 Qb5 20. Bxf6 Rxf6 21. Nc7 Qa5 22. Qxa5 bxa5 23. Rxe7 Nc6 24. Re6 Rxe6 25. Nxe6 Re8 26. Nfg5 Nb4 27. a3 Nc6 28. Rxd5 Ne7 29. Rxa5 Nf5 30. Rxa7 Nxh4 31. Rg7+ Kh8 32. Nf7# 1-0

[Event "Provincial-ch Vila Real"]
[Site "Vila Real"]
[Date "2014.11.22"]
[Round "7.2"]
[White "Romero Calduch, Sergio"]
[Black "Soriano Pallas, Rafael"]
[Result "1/2-1/2"]
[WhiteElo "2179"]
[BlackElo "1911"]
[PlyCount "42"]
[EventDate "2014.09.27"]
[EventType "swiss"]
[EventRounds "7"]
[EventCountry "ESP"]
[SourceTitle "EXT 2024"]
[Source "ChessBase"]
[SourceDate "2023.10.10"]
[SourceVersion "1"]
[SourceVersionDate "2023.10.10"]
[SourceQuality "1"]

1. Nf3 Nf6 2. d4 d5 3. g3 c6 4. Bg2 Bf5 5. c4 e6 6. Nc3 a6 7. c5 Be7 8. 0-0 0-0 9. b4 Nbd7 10. a4 b6 11. a5 bxc5 12. bxc5 Ne4 13. Nxe4 Bxe4 14. Ne5 Nxe5 15. Bxe4 dxe4 16. dxe5 Bxc5 17. Qa4 Qd4 18. Be3 Qxa4 19. Rxa4 Bxe3 20. fxe3 Rfd8 21. Rc1 Rd5 1/2-1/2

[Event "Provincial-ch Vila Real"]
[Site "Vila Real"]
[Date "2014.09.27"]
[Round "2.2"]
[White "Soriano Pallas, Rafael"]
[Black "Aymerich Rosell, Pablo"]
[Result "0-1"]
[WhiteElo "1911"]
[BlackElo "2163"]
[PlyCount "52"]
[EventDate "2014.09.27"]
[EventType "swiss"]
[EventRounds "7"]
[EventCountry "ESP"]
[SourceTitle "EXT 2024"]
[Source "ChessBase"]
[SourceDate "2023.10.10"]
[SourceVersion "1"]
[SourceVersionDate "2023.10.10"]
[SourceQuality "1"]

1. e4 c6 2. d4 d5 3. e5 c5 4. dxc5 Nc6 5. Bb5 e6 6. Be3 Nge7 7. Nf3 Nf5 8. Bd4 Nfxd4 9. Qxd4 Qa5+ 10. Nc3 Qxb5 11. Nxb5 Nxd4 12. Nbxd4 Bxc5 13. Rc1 0-0 14. 0-0 Bd7 15. Rfe1 Rfc8 16. c3 b5 17. Nc2 a5 18. a3 Ra7 19. Ne3 Rac7 20. Rcd1 b4 21. axb4 axb4 22. Nd4 bxc3 23. bxc3 Bf8 24. f4 Rxc3 25. Kh1 Bc5 26. f5 Bxd4 0-1

[Event "Provincial-ch Moncofa"]
[Site "Moncofa"]
[Date "2013.10.19"]
[Round "3"]
[White "Soriano Pallas, Rafael"]
[Black "Espinosa Edo, Marc"]
[Result "1/2-1/2"]
[WhiteElo "1941"]
[BlackElo "1481"]
[PlyCount "93"]
[EventDate "2013.10.05"]
[EventType "swiss"]
[EventRounds "7"]
[EventCountry "ESP"]
[SourceTitle "EXT 2024"]
[Source "ChessBase"]
[SourceDate "2023.10.10"]
[SourceVersion "1"]
[SourceVersionDate "2023.10.10"]
[SourceQuality "1"]

1. Nf3 c5 2. g3 Nf6 3. c4 g6 4. Bg2 Bg7 5. Nc3 Nc6 6. 0-0 0-0 7. d4 cxd4 8. Nxd4 Qb6 9. e3 Rd8 10. Rb1 Ne8 11. Ndb5 a6 12. Na4 Qa5 13. Bd2 axb5 14. Bxa5 Rxa5 15. Nb6 Rxa2 16. Nxc8 Rxc8 17. Qb3 Ra5 18. cxb5 Ne5 19. Rbc1 Rxc1 20. Rxc1 Nd6 21. Kf1 Rxb5 22. Qa3 Nec4 23. Qa8+ Bf8 24. b3 Nd2+ 25. Ke1 Nxb3 26. Rb1 Ra5 27. Qd8 Rb5 28. Bf1 Rb4 29. Rb2 b5 30. Ra2 Ra4 31. Rxa4 bxa4 32. Qxd7 Nc5 33. Qc6 Ndb7 34. Bc4 e6 35. f4 Na5 36. Qb5 Nxc4 37. Qxc4 a3 38. Ke2 h5 39. h3 f5 40. Kf3 Kf7 41. Qc3 Ne4 42. Qc7+ Be7 43. Qa7 Nd2+ 44. Ke2 Ne4 45. Kf3 Nd2+ 46. Ke2 Ne4 47. Kf3 1/2-1/2

[Event "Provincial-ch Moncofa"]
[Site "Moncofa"]
[Date "2013.10.05"]
[Round "2"]
[White "Jordan Martinez, Miguel"]
[Black "Soriano Pallas, Rafael"]
[Result "1-0"]
[WhiteElo "2178"]
[BlackElo "1941"]
[PlyCount "89"]
[EventDate "2013.10.05"]
[EventType "swiss"]
[EventRounds "7"]
[EventCountry "ESP"]
[SourceTitle "EXT 2024"]
[Source "ChessBase"]
[SourceDate "2023.10.10"]
[SourceVersion "1"]
[SourceVersionDate "2023.10.10"]
[SourceQuality "1"]

1. e4 e6 2. d4 d5 3. Nd2 Nf6 4. e5 Nfd7 5. Bd3 Be7 6. Ne2 c5 7. c3 Nc6 8. 0-0 cxd4 9. cxd4 0-0 10. Nf3 f6 11. exf6 Nxf6 12. Bg5 Nh5 13. Bxe7 Qxe7 14. Ng3 Nf4 15. Bb5 Nd8 16. Rc1 Nf7 17. Bd3 Qd6 18. Re1 Bd7 19. Qb3 Rac8 20. Rcd1 Rc7 21. Ne2 Rfc8 22. Nc3 a6 23. g3 Nh3+ 24. Kg2 Nhg5 25. Nxg5 Nxg5 26. f4 Nf7 27. a4 Rb8 28. Kg1 Rc6 29. Qc2 h6 30. Qg2 Qb4 31. Bg6 Nd6 32. f5 Nc4 33. fxe6 Bxe6 34. Rxe6 Rxe6 35. Qxd5 Qd6 36. Qxc4 Kh8 37. Be4 Rbe8 38. d5 R6e7 39. Qd4 Re5 40. Kg2 Qe7 41. d6 Qd7 42. Bf3 R5e6 43. Bg4 Qc6+ 44. Qd5 Qxd5+ 45. Rxd5 1-0

[Event "Quart de Poblet Sub2300 1st"]
[Site "Quart de Poblet"]
[Date "2013.07.28"]
[Round "7.9"]
[White "Soriano Pallas, Rafael"]
[Black "Navarro Diaz, Carles"]
[Result "1/2-1/2"]
[WhiteElo "1936"]
[BlackElo "2092"]
[PlyCount "78"]
[EventDate "2013.07.20"]
[EventType "swiss"]
[EventRounds "7"]
[EventCountry "ESP"]
[SourceTitle "EXT 2024"]
[Source "ChessBase"]
[SourceDate "2023.10.10"]
[SourceVersion "1"]
[SourceVersionDate "2023.10.10"]
[SourceQuality "1"]

1. e4 c5 2. Nf3 Nc6 3. d4 cxd4 4. Nxd4 Nf6 5. Nc3 g6 6. Be3 Bg7 7. f3 0-0 8. Qd2 d5 9. exd5 Nxd5 10. Nxc6 bxc6 11. Nxd5 Qxd5 12. Qxd5 cxd5 13. 0-0-0 e6 14. Bc5 Rd8 15. f4 a5 16. Bd4 f6 17. Bb5 Ba6 18. Bxa6 Rxa6 19. Rhe1 Re8 20. a4 Kf7 21. b3 e5 22. fxe5 fxe5 23. Rf1+ Ke6 24. Rde1 Re7 25. Bb2 Rc6 26. Re2 e4 27. Bxg7 Rxg7 28. Kb2 Rb7 29. Re3 Rf7 30. Rxf7 Kxf7 31. Rc3 Re6 32. Kc1 e3 33. Kd1 Kf6 34. Rd3 Kf5 35. Rxd5+ Ke4 36. Rd7 Rf6 37. Re7+ Kd4 38. Rd7+ Ke4 39. Re7+ Kd4 1/2-1/2

[Event "Quart de Poblet Sub2300 1st"]
[Site "Quart de Poblet"]
[Date "2013.07.21"]
[Round "4.7"]
[White "Montalban Galvez, Antonio"]
[Black "Soriano Pallas, Rafael"]
[Result "1-0"]
[WhiteElo "2197"]
[BlackElo "1936"]
[PlyCount "71"]
[EventDate "2013.07.20"]
[EventType "swiss"]
[EventRounds "7"]
[EventCountry "ESP"]
[SourceTitle "EXT 2024"]
[Source "ChessBase"]
[SourceDate "2023.10.10"]
[SourceVersion "1"]
[SourceVersionDate "2023.10.10"]
[SourceQuality "1"]

1. Nf3 d5 2. d4 Nf6 3. c4 e6 4. g3 b6 5. Bg2 Bb7 6. 0-0 Be7 7. cxd5 exd5 8. Nc3 0-0 9. Bg5 c6 10. Bxf6 Bxf6 11. Qc2 Nd7 12. Rfd1 Rc8 13. Rac1 Re8 14. e3 Nf8 15. Qb1 g6 16. a3 Ne6 17. b4 Qe7 18. Qb3 Red8 19. a4 a5 20. bxa5 bxa5 21. Rb1 Ba8 22. Qb6 Qc7 23. Qxc7 Rxc7 24. Rdc1 Be7 25. Ne5 Bb4 26. Nd3 Bd6 27. Ne2 Bb7 28. Nef4 Nxf4 29. gxf4 Ba6 30. Nc5 Bc4 31. Nb7 Rxb7 32. Rxb7 Bb4 33. Bf1 Bxf1 34. Kxf1 Rc8 35. Ke2 Kf8 36. Rb6 1-0

[Event "Barcelona Ateneu Colon op 7th"]
[Site "Barcelona"]
[Date "2012.03.28"]
[Round "3"]
[White "Costa Trave, Jaume"]
[Black "Soriano Pallas, Rafael"]
[Result "1-0"]
[WhiteElo "2025"]
[BlackElo "1950"]
[PlyCount "111"]
[EventDate "2012.03.14"]
[EventType "swiss"]
[EventRounds "9"]
[EventCountry "ESP"]
[SourceTitle "EXT 2013"]
[Source "ChessBase"]
[SourceDate "2012.11.22"]
[SourceVersion "1"]
[SourceVersionDate "2012.11.22"]
[SourceQuality "1"]

1. d4 d5 2. Nc3 Bf5 3. f3 Nf6 4. Bf4 c6 5. Qd2 e6 6. g4 Bg6 7. h4 h5 8. g5 Nfd7 9. e4 Bb4 10. Qe3 Nb6 11. Bd3 Bxc3+ 12. bxc3 N8d7 13. Ne2 0-0 14. a4 a5 15. Bd6 Re8 16. Nf4 e5 17. Nxg6 fxg6 18. 0-0 Re6 19. dxe5 Nxe5 20. Bxe5 Rxe5 21. f4 Re7 22. e5 Nc4 23. Qe2 Qb6+ 24. Kh1 Qe3 25. Bxc4 Qh3+ 26. Kg1 Qg3+ 27. Qg2 Qxg2+ 28. Kxg2 dxc4 29. Rfd1 Kf7 30. Rab1 Ke8 31. Rd6 Rd8 32. Rxd8+ Kxd8 33. Kf3 Rd7 34. Ke4 Kc7 35. f5 gxf5+ 36. Kxf5 Rd5 37. Re1 b5 38. Kg6 Rd7 39. Kxh5 b4 40. Kg6 c5 41. h5 b3 42. h6 gxh6 43. gxh6 bxc2 44. Rc1 Rd2 45. h7 Rg2+ 46. Kf7 Rf2+ 47. Ke6 Rh2 48. Rxc2 Rxh7 49. Rf2 Kc6 50. Rf6 Rd7 51. Kf5+ Kd5 52. Rf8 Kc6 53. e6 Ra7 54. Kf6 Rh7 55. e7 Rh6+ 56. Kg5 1-0